000 00262nam a22001217a 4500
008 180129b xxu||||| |||| 00| 0 eng d
041 _aeng
080 _a338
100 _a54
101 _aman
245 _aproduction organization
_cjohn.p.c
942 _2udc
_cBK
999 _c41118
_d41118